| 000 | 00469nam a2200169 4500 | ||
|---|---|---|---|
| 003 | SEACOMMC | ||
| 005 | 20250430123950.0 | ||
| 008 | 250110b |||||||| |||| 00| 0 eng d | ||
| 020 |
_a 978-81-8488-488-3 _cRs.115.00 |
||
| 040 | _aSEACOMMC | ||
| 082 |
_a 332.1 _bA 261 |
||
| 100 | _aAgarwal, O P | ||
| 245 | 1 |
_aPrinciples & Practice of Banking and insurance _cO. P. Agarwal |
|
| 260 |
_a Mumbai _b Himalaya Publishing House _c 2006 |
||
| 650 | _a Insurance | ||
| 942 | _cBOOK | ||
| 999 |
_c983 _d983 |
||